Score 0/40 Timer 20:00
0 Plays Today
Question Answer % Correct
The cost of a room at a hotel is £91 per night. What is the cost for 10 nights?£910
79.6%
A job pays £10 per hour. How much would you earn in 5 days, working 7 hours per day?£350
77.6%
The cost of a room at a hotel is £89 per night. What is the cost for 7 nights?£623
77.6%
The cost of a room at a hotel is £90 per night. What is the cost for 5 nights?£450
77.6%
One item costs £9.70. Another item costs £2.30. What do they cost in total?£12
77.6%
The cost of a room at a hotel is £87 per night. What is the cost for 14 nights?£1 218
75.5%
One item costs £6. Another item costs £2.90. What do they cost in total?£8.90
75.5%
One item costs £3.60. Another item costs £8. What do they cost in total?£11.60
75.5%
A job pays £9 per hour. How much would you earn in 2 days, working 7 hours per day?£126
73.5%
The cost of a room at a hotel is £97 per night. What is the cost for 7 nights?£679
73.5%
One item costs £4. Another item costs £6.80. What do they cost in total?£10.80
73.5%
One item costs £7.10. Another item costs £4. What do they cost in total?£11.10
73.5%
One item costs £9.40. Another item costs £7. What do they cost in total?£16.40
73.5%
One item costs £5.30. Another item costs £1.10. What do they cost in total?£6.40
73.5%
A job pays £7 per hour. How much would you earn in 4 days, working 8 hours per day?£224
71.4%
A job pays £10 per hour. How much would you earn in 4 days, working 7 hours per day?£280
71.4%
The cost of a room at a hotel is £92 per night. What is the cost for 14 nights?£1 288
71.4%
One item costs £4.60. Another item costs £2.70. What do they cost in total?£7.30
71.4%
One item costs £3.80. Another item costs £4.80. What do they cost in total?£8.60
71.4%
The cost of a room at a hotel is £88 per night. What is the cost for 10 nights?£880
69.4%
Question Answer % Correct
One item costs £4.30. Another item costs £4.80. What do they cost in total?£9.10
69.4%
One item costs £2.40. Another item costs £7.30. What do they cost in total?£9.70
69.4%
One item costs £8.40. Another item costs £5.50. What do they cost in total?£13.90
69.4%
One item costs £7.60. Another item costs £2.80. What do they cost in total?£10.40
69.4%
One item costs £5.20. Another item costs £9.90. What do they cost in total?£15.10
69.4%
A job pays £10 per hour. How much would you earn in 3 days, working 7 hours per day?£210
67.3%
A job pays £8 per hour. How much would you earn in 5 days, working 8 hours per day?£320
67.3%
A job pays £7 per hour. How much would you earn in 5 days, working 8 hours per day?£280
67.3%
The cost of a room at a hotel is £95 per night. What is the cost for 5 nights?£475
67.3%
The cost of a room at a hotel is £86 per night. What is the cost for 10 nights?£860
67.3%
The cost of a room at a hotel is £94 per night. What is the cost for 14 nights?£1 316
67.3%
One item costs £7. Another item costs £4.70. What do they cost in total?£11.70
67.3%
One item costs £2.50. Another item costs £5. What do they cost in total?£7.50
67.3%
One item costs £7.30. Another item costs £5.20. What do they cost in total?£12.50
67.3%
A job pays £9 per hour. How much would you earn in 2 days, working 7 hours per day?£126
65.3%
One item costs £5. Another item costs £5.50. What do they cost in total?£10.50
65.3%
One item costs £7.60. Another item costs £4.40. What do they cost in total?£12
65.3%
A job pays £9 per hour. How much would you earn in 5 days, working 8 hours per day?£360
63.3%
A job pays £8 per hour. How much would you earn in 3 days, working 7 hours per day?£168
61.2%
One item costs £8.20. Another item costs £6.60. What do they cost in total?£14.80
55.1%
Remove Ads.
Support Sporcle.
Get the best of Sporcle when you Go Orange. This ad-free experience offers more features, more stats, and more fun while also helping to support Sporcle. Thank you for becoming a member.

You're not logged in!

Compare scores with friends on all Sporcle quizzes.
OR
Log In

Show Comments

Extras

Created Sep 23, 2017ReportNominate
Tags:practice, Ready, stage, test, Try

Top Quizzes Today


Score Distribution

Your Account Isn't Verified!

In order to create a playlist on Sporcle, you need to verify the email address you used during registration. Go to your Sporcle Settings to finish the process.

Report this User

Report this user for behavior that violates our Community Guidelines.

Details: